[Event "Vsetin op 43rd"]
[Site "Vsetin"]
[Date "2018.07.10"]
[Round "8"]
[White "Travnicek, Krystof Mikulas"]
[Black "Bosak, Jan"]
[Result "0-1"]
[WhiteElo "1844"]
[BlackElo "2119"]
[PlyCount "72"]
[EventDate "2018.07.04"]
[EventType "swiss"]
[EventRounds "9"]
[EventCountry "CZE"]
[SourceTitle "CBM 185 Extra"]
[Source "ChessBase"]
[SourceDate "2018.07.29"]
[SourceVersion "1"]
[SourceVersionDate "2018.07.29"]
[SourceQuality "1"]

1. Nf3 d5 2. c4 e6 3. g3 Nf6 4. Bg2 c6 5. b3 Be7 6. 0-0 0-0 7. Bb2 b6 8. Qc2 Bb7 9. d4 Nbd7 10. Nbd2 dxc4 11. bxc4 c5 12. e3 Rc8 13. Rfd1 Qc7 14. Rac1 Qb8 15. Qb3 Rfd8 16. Bc3 Qa8 17. Bb2 Ne4 18. Nxe4 Bxe4 19. Ne1 Bxg2 20. Nxg2 Nf6 21. dxc5 Rxc5 22. Rxd8+ Qxd8 23. Rd1 Qc8 24. Ba3 Rc7 25. Nf4 Bxa3 26. Qxa3 Qf8 27. Rd3 h6 28. Kf1 Ne4 29. Qxf8+ Kxf8 30. f3 Ng5 31. e4 Rxc4 32. h4 Nh7 33. Ra3 Rc7 34. Ke2 Ke7 35. e5 Nf8 36. Nh5 Nd7 0-1

[Event "Vsetin op 43rd"]
[Site "Vsetin"]
[Date "2018.07.09"]
[Round "7"]
[White "Bosak, Jan"]
[Black "Vantuch, Lucian"]
[Result "1/2-1/2"]
[WhiteElo "2119"]
[BlackElo "1954"]
[PlyCount "38"]
[EventDate "2018.07.04"]
[EventType "swiss"]
[EventRounds "9"]
[EventCountry "CZE"]
[SourceTitle "CBM 185 Extra"]
[Source "ChessBase"]
[SourceDate "2018.07.29"]
[SourceVersion "1"]
[SourceVersionDate "2018.07.29"]
[SourceQuality "1"]

1. c4 e5 2. Nc3 Nc6 3. Nf3 Nf6 4. e3 Bb4 5. Qc2 Bxc3 6. Qxc3 Qe7 7. a3 0-0 8. b4 d5 9. d4 e4 10. Ne5 Nxe5 11. dxe5 Ng4 12. Bb2 dxc4 13. Bxc4 Re8 14. Bd5 Qxe5 15. 0-0-0 Qxc3+ 16. Bxc3 c6 17. h3 cxd5 18. hxg4 Bxg4 19. Rxd5 h5 1/2-1/2

[Event "Vsetin op 43rd"]
[Site "Vsetin"]
[Date "2018.07.08"]
[Round "6"]
[White "Vraj, Ondrej"]
[Black "Bosak, Jan"]
[Result "1/2-1/2"]
[WhiteElo "1891"]
[BlackElo "2119"]
[PlyCount "97"]
[EventDate "2018.07.04"]
[EventType "swiss"]
[EventRounds "9"]
[EventCountry "CZE"]
[SourceTitle "CBM 185 Extra"]
[Source "ChessBase"]
[SourceDate "2018.07.29"]
[SourceVersion "1"]
[SourceVersionDate "2018.07.29"]
[SourceQuality "1"]

1. e4 e6 2. Nc3 d5 3. g3 Nf6 4. Bg2 c5 5. d3 Nc6 6. f4 dxe4 7. Nxe4 Be7 8. c3 Qc7 9. Nf3 b6 10. Ne5 Bb7 11. Qe2 Rd8 12. 0-0 0-0 13. Nxc6 Bxc6 14. Be3 Qb7 15. Nxf6+ Bxf6 16. Bxc6 Qxc6 17. Rfd1 Rd7 18. Rd2 Rfd8 19. Rad1 Qb5 20. Kf1 Kf8 21. d4 Qxe2+ 22. Kxe2 cxd4 23. Bxd4 Bxd4 24. Rxd4 Rxd4 25. cxd4 Ke7 26. Ke3 Kd6 27. Rc1 h5 28. h3 f5 29. h4 Kd7 30. Kd3 a6 31. b3 Ra8 32. Rc4 Ra7 33. Kc3 Kd6 34. Kd3 Rc7 35. Rxc7 Kxc7 36. Kc4 Kc6 37. a4 Kd6 38. Kc3 Kd5 39. Kd3 a5 40. Ke3 Kc6 41. Kd3 b5 42. axb5+ Kxb5 43. Kc3 Kb6 44. Kd3 Kc7 45. Kc3 Kd6 46. Kd3 Kd5 47. Ke3 Kc6 48. Kd3 Kb5 49. Kc3 1/2-1/2

[Event "Vsetin op 43rd"]
[Site "Vsetin"]
[Date "2018.07.06"]
[Round "3"]
[White "Bosak, Jan"]
[Black "Belunek, Vladimir"]
[Result "0-1"]
[WhiteElo "2119"]
[BlackElo "2212"]
[PlyCount "73"]
[EventDate "2018.07.04"]
[EventType "swiss"]
[EventRounds "9"]
[EventCountry "CZE"]
[SourceTitle "CBM 185 Extra"]
[Source "ChessBase"]
[SourceDate "2018.07.29"]
[SourceVersion "1"]
[SourceVersionDate "2018.07.29"]
[SourceQuality "1"]

1. c4 g6 2. Nf3 Bg7 3. Nc3 c5 4. d4 cxd4 5. Nxd4 Nc6 6. e3 Nf6 7. Be2 0-0 8. 0-0 d6 9. Qb3 Nd7 10. Rd1 Nc5 11. Qa3 a5 12. Nxc6 bxc6 13. Na4 Nxa4 14. Qxa4 c5 15. Rb1 Qb6 16. e4 Bb7 17. f3 Bc6 18. Qc2 Rfb8 19. Rd3 Bd4+ 20. Be3 e5 21. Kh1 Qd8 22. Rb3 Rxb3 23. Qxb3 Rb8 24. Qa3 Qb6 25. Bd2 Ra8 26. Qd3 Qb7 27. h3 Ra6 28. Kh2 Bd7 29. g4 f6 30. f4 Bc6 31. Bf3 exf4 32. Bxf4 Qe7 33. b3 Ra8 34. Re1 Be5 35. Bxe5 Qxe5+ 36. Kg2 Re8 37. a4 0-1

[Event "Vsetin op 43rd"]
[Site "Vsetin"]
[Date "2018.07.05"]
[Round "2"]
[White "Vojta, Tomas"]
[Black "Bosak, Jan"]
[Result "1/2-1/2"]
[WhiteElo "2350"]
[BlackElo "2119"]
[PlyCount "52"]
[EventDate "2018.07.04"]
[EventType "swiss"]
[EventRounds "9"]
[EventCountry "CZE"]
[SourceTitle "CBM 185 Extra"]
[Source "ChessBase"]
[SourceDate "2018.07.29"]
[SourceVersion "1"]
[SourceVersionDate "2018.07.29"]
[SourceQuality "1"]

1. d4 e6 2. c3 Nf6 3. Bf4 c5 4. e3 Nc6 5. Nd2 d5 6. Ngf3 Be7 7. Ne5 0-0 8. Bd3 Qb6 9. Rb1 Rd8 10. 0-0 Nxe5 11. Bxe5 Bd7 12. Qe2 Rac8 13. Kh1 Ba4 14. dxc5 Qxc5 15. f4 a6 16. f5 Bb5 17. fxe6 fxe6 18. Bxb5 Qxb5 19. Qxb5 axb5 20. Nf3 Nd7 21. g3 b4 22. Nd4 Rf8 23. Rfd1 bxc3 24. bxc3 Nc5 25. Rb6 Bd8 26. Rb5 Rf7 1/2-1/2

[Event "CZE-chT2E 1718"]
[Site "Czech Republic"]
[Date "2018.04.08"]
[Round "11.3"]
[White "Bosak, Jan"]
[Black "Jires, Jiri"]
[Result "1-0"]
[WhiteElo "2138"]
[BlackElo "2052"]
[PlyCount "81"]
[EventDate "2017.10.15"]
[EventType "team-tourn"]
[EventRounds "11"]
[EventCountry "CZE"]
[SourceTitle "EXT 2022"]
[Source "ChessBase"]
[SourceDate "2021.10.06"]
[SourceVersion "1"]
[SourceVersionDate "2021.10.06"]
[SourceQuality "1"]
[WhiteTeam "Vsetin"]
[BlackTeam "Hustopece"]
[WhiteTeamCountry "CZE"]
[BlackTeamCountry "CZE"]

1. c4 e5 2. Nc3 Nf6 3. Nf3 Nc6 4. e3 d5 5. cxd5 Nxd5 6. Bb5 Nxc3 7. bxc3 Bd6 8. e4 Bd7 9. 0-0 0-0 10. d4 Qe8 11. Qe2 a6 12. Bc4 Bg4 13. Rd1 Kh8 14. h3 Bh5 15. g4 Bg6 16. Nh4 Rd8 17. Rb1 b5 18. Bd5 Na5 19. a4 c6 20. Ba2 Qe7 21. Nf5 Bxf5 22. gxf5 Rb8 23. d5 cxd5 24. Rxd5 Rfc8 25. Bd2 Nc4 26. axb5 Na3 27. Rd1 Nxb5 28. Bc4 Bc5 29. Qd3 Qh4 30. Be1 Qf6 31. Qg3 Nd6 32. Bxa6 Nxe4 33. Bxc8 Rxc8 34. Qxe5 Qxe5 35. Rxe5 Nf6 36. Bd2 Bd6 37. Ra5 h6 38. Be3 Bf8 39. Bd4 Ne4 40. Kg2 Nxc3 41. Bxc3 1-0

[Event "CZE-chT2E 1718"]
[Site "Czech Republic"]
[Date "2018.01.28"]
[Round "7.3"]
[White "Bosak, Jan"]
[Black "Koutny, Petr"]
[Result "1/2-1/2"]
[WhiteElo "2138"]
[BlackElo "2169"]
[PlyCount "73"]
[EventDate "2017.10.15"]
[EventType "team-tourn"]
[EventRounds "11"]
[EventCountry "CZE"]
[SourceTitle "EXT 2022"]
[Source "ChessBase"]
[SourceDate "2021.10.06"]
[SourceVersion "1"]
[SourceVersionDate "2021.10.06"]
[SourceQuality "1"]
[WhiteTeam "Vsetin"]
[BlackTeam "Vlcnov"]
[WhiteTeamCountry "CZE"]
[BlackTeamCountry "CZE"]

1. c4 Nf6 2. Nc3 d5 3. d4 g6 4. Bf4 Bg7 5. e3 c5 6. dxc5 Qa5 7. Qd2 dxc4 8. Bxc4 Qxc5 9. Rc1 Qf5 10. Nb5 Na6 11. Nd4 Qh5 12. f3 g5 13. g4 Qh6 14. Bb5+ Bd7 15. Nf5 Qg6 16. Bd3 Bxf5 17. Bxf5 Qh6 18. Be5 0-0 19. Ne2 Rfd8 20. Nd4 e6 21. Bd3 Nd5 22. Bxa6 Bxe5 23. Bxb7 Bxd4 24. exd4 Qh4+ 25. Kd1 Rab8 26. Bxd5 Rxd5 27. Rc5 Rbd8 28. Rxd5 Rxd5 29. Rf1 e5 30. Kc1 Rxd4 31. Qe2 f6 32. Rd1 Rxd1+ 33. Qxd1 Qxh2 34. Qd8+ Kf7 35. Qd7+ Kf8 36. Qd8+ Kf7 37. Qd7+ 1/2-1/2